Sociología y tecnociencia revista digital de sociologia del sistema tecnocientífico.

Bibliographic Details
Format: Electronic Journal
Language:Spanish
English
Published: Spain : Universidad de Valladolid, Departamento de Sociologia y Trabajo Social, [2010]-
Subjects:
Online Access:Full text available from Research Library: 01/01/2010 to present

MARC

LEADER 00000nas a2200000 a 4500
001 ssj0000397155
003 WaSeSS
005 20200512172242.0
006 m d
007 cr n
008 101203c20109999sp uu p s 0 0spa c
010 |a  2012262177 
022 |a 1989-8487  |l 1989-8487 
035 |a (WaSeSS)ssj0000397155 
040 |a CNCGM  |b eng  |c CNCGM  |d TOH  |d OCLCQ  |d Z5A  |d CGU  |d OCLCQ  |d CGU  |d OCLCF  |d CUS  |d OCLCO  |d OCLCQ  |d WaSeSS 
041 0 |a spa  |a eng  |b eng  |b spa 
042 |a pcc 
050 4 |a HM251 
210 0 |a Sociol. tecnocienc. 
222 0 |a Sociología y tecnociencia 
245 0 0 |a Sociología y tecnociencia  |h [electronic resource] :  |b revista digital de sociologia del sistema tecnocientífico. 
246 1 1 |a Sociology and technoscience :  |b digital journal of sociology of technoscientific system 
246 1 1 |a Sociologia e tecnociência :  |b jornal digital da sociologia do sistema tecnocientifico 
246 3 |a RSST 
260 |a Spain :  |b Universidad de Valladolid, Departamento de Sociologia y Trabajo Social,  |c [2010]- 
362 1 |a Began with no. 0, vol. 1 (2010). 
500 |a Focus of the journal "is to study, understand and analyze the social influence of the various scientific and technological or technoscientific activities." 
506 |a License restrictions may limit access. 
515 |a Semiannual. 
546 |a Text chiefly in Spanish with some articles in English; abstracts in English and Spanish. 
588 |a Description based on: No. 0, vol. 1 (2010); title from journal home page (Publisher's Web site, viewed Nov. 7, 2012). 
588 |a Latest issue consulted: No. 2, vol. 2 (2012) (viewed Nov. 7, 2012). 
650 0 |a Sociology  |v Periodicals. 
650 0 |a Technology  |x Sociological aspects  |v Periodicals. 
650 7 |a Sociology.  |2 fast  |0 (OCoLC)fst01123875 
650 7 |a Technology  |x Sociological aspects.  |2 fast  |0 (OCoLC)fst01145216 
655 0 |a Electronic journals. 
856 4 0 |z Full text available from Research Library: 01/01/2010 to present  |u https://search.proquest.com/publication/237700